<?xml version="1.0" encoding="UTF-8"?>
<collection xmlns="http://www.loc.gov/MARC21/slim">
 <record>
  <leader>02998cam a2200613   4500</leader>
  <controlfield tag="001">1608179796</controlfield>
  <controlfield tag="003">DE-627</controlfield>
  <controlfield tag="005">20221104120617.0</controlfield>
  <controlfield tag="007">tu</controlfield>
  <controlfield tag="008">110217s2010    gw ||||| m    00| ||ger c</controlfield>
  <datafield tag="015" ind1=" " ind2=" ">
   <subfield code="a">11,N03</subfield>
   <subfield code="2">dnb</subfield>
  </datafield>
  <datafield tag="016" ind1="7" ind2=" ">
   <subfield code="a">1009429760</subfield>
   <subfield code="2">DE-101</subfield>
  </datafield>
  <datafield tag="020" ind1=" " ind2=" ">
   <subfield code="a">9783631600696</subfield>
   <subfield code="c">Gb. : EUR 98.00 (DE), EUR 100.80 (AT), sfr 142.00 (freier Pr.)</subfield>
   <subfield code="9">978-3-631-60069-6</subfield>
  </datafield>
  <datafield tag="024" ind1="3" ind2=" ">
   <subfield code="a">9783631600696</subfield>
  </datafield>
  <datafield tag="035" ind1=" " ind2=" ">
   <subfield code="a">(DE-627)1608179796</subfield>
  </datafield>
  <datafield tag="035" ind1=" " ind2=" ">
   <subfield code="a">(DE-576)337608865</subfield>
  </datafield>
  <datafield tag="035" ind1=" " ind2=" ">
   <subfield code="a">(DE-599)DNB1009429760</subfield>
  </datafield>
  <datafield tag="035" ind1=" " ind2=" ">
   <subfield code="a">(OCoLC)707169346</subfield>
  </datafield>
  <datafield tag="040" ind1=" " ind2=" ">
   <subfield code="a">DE-627</subfield>
   <subfield code="b">ger</subfield>
   <subfield code="c">DE-627</subfield>
   <subfield code="e">rakwb</subfield>
  </datafield>
  <datafield tag="041" ind1=" " ind2=" ">
   <subfield code="a">ger</subfield>
  </datafield>
  <datafield tag="044" ind1=" " ind2=" ">
   <subfield code="c">XA-DE-HE</subfield>
  </datafield>
  <datafield tag="082" ind1="0" ind2="4">
   <subfield code="a">900</subfield>
  </datafield>
  <datafield tag="084" ind1=" " ind2=" ">
   <subfield code="a">19,2</subfield>
   <subfield code="2">ssgn</subfield>
  </datafield>
  <datafield tag="084" ind1=" " ind2=" ">
   <subfield code="a">ZH 8976</subfield>
   <subfield code="2">rvk</subfield>
   <subfield code="0">(DE-625)rvk/156290:</subfield>
  </datafield>
  <datafield tag="084" ind1=" " ind2=" ">
   <subfield code="a">LG 7500</subfield>
   <subfield code="2">rvk</subfield>
   <subfield code="0">(DE-625)rvk/92169:</subfield>
  </datafield>
  <datafield tag="090" ind1=" " ind2=" ">
   <subfield code="a">a</subfield>
  </datafield>
  <datafield tag="100" ind1="1" ind2=" ">
   <subfield code="a">Haan, Nathalie de</subfield>
   <subfield code="d">1968-</subfield>
   <subfield code="0">(DE-588)13389231X</subfield>
   <subfield code="0">(DE-627)557951321</subfield>
   <subfield code="0">(DE-576)176681019</subfield>
   <subfield code="4">aut</subfield>
  </datafield>
  <datafield tag="245" ind1="1" ind2="0">
   <subfield code="a">Römische Privatbäder</subfield>
   <subfield code="b">Entwicklung, Verbreitung, Struktur und sozialer Status</subfield>
   <subfield code="c">Nathalie de Haan</subfield>
  </datafield>
  <datafield tag="264" ind1=" " ind2="1">
   <subfield code="a">Frankfurt am Main</subfield>
   <subfield code="a">Berlin</subfield>
   <subfield code="a">Bern</subfield>
   <subfield code="a">Wien [u.a.]</subfield>
   <subfield code="b">Lang</subfield>
   <subfield code="c">2010</subfield>
  </datafield>
  <datafield tag="300" ind1=" " ind2=" ">
   <subfield code="a">X, 426, CXX S.</subfield>
   <subfield code="b">zahlr. Ill., graph. Darst.</subfield>
   <subfield code="c">297 mm x 210 mm</subfield>
  </datafield>
  <datafield tag="336" ind1=" " ind2=" ">
   <subfield code="a">Text</subfield>
   <subfield code="b">txt</subfield>
   <subfield code="2">rdacontent</subfield>
  </datafield>
  <datafield tag="337" ind1=" " ind2=" ">
   <subfield code="a">ohne Hilfsmittel zu benutzen</subfield>
   <subfield code="b">n</subfield>
   <subfield code="2">rdamedia</subfield>
  </datafield>
  <datafield tag="338" ind1=" " ind2=" ">
   <subfield code="a">Band</subfield>
   <subfield code="b">nc</subfield>
   <subfield code="2">rdacarrier</subfield>
  </datafield>
  <datafield tag="502" ind1=" " ind2=" ">
   <subfield code="a">Zugl.:  überarb. Fassung von: Nijmegen, Univ., Diss., 2003</subfield>
  </datafield>
  <datafield tag="655" ind1=" " ind2="7">
   <subfield code="a">Hochschulschrift</subfield>
   <subfield code="0">(DE-588)4113937-9</subfield>
   <subfield code="0">(DE-627)105825778</subfield>
   <subfield code="0">(DE-576)209480580</subfield>
   <subfield code="2">gnd-content</subfield>
  </datafield>
  <datafield tag="689" ind1="0" ind2="0">
   <subfield code="d">g</subfield>
   <subfield code="0">(DE-588)4076778-4</subfield>
   <subfield code="0">(DE-627)106082094</subfield>
   <subfield code="0">(DE-576)209202882</subfield>
   <subfield code="a">Römisches Reich</subfield>
   <subfield code="2">gnd</subfield>
  </datafield>
  <datafield tag="689" ind1="0" ind2="1">
   <subfield code="d">s</subfield>
   <subfield code="0">(DE-588)4143866-8</subfield>
   <subfield code="0">(DE-627)105602558</subfield>
   <subfield code="0">(DE-576)209729597</subfield>
   <subfield code="a">Bad</subfield>
   <subfield code="2">gnd</subfield>
  </datafield>
  <datafield tag="689" ind1="0" ind2="2">
   <subfield code="d">s</subfield>
   <subfield code="0">(DE-588)4064811-4</subfield>
   <subfield code="0">(DE-627)10428000X</subfield>
   <subfield code="0">(DE-576)209155191</subfield>
   <subfield code="a">Wasserversorgung</subfield>
   <subfield code="2">gnd</subfield>
  </datafield>
  <datafield tag="689" ind1="0" ind2="3">
   <subfield code="d">s</subfield>
   <subfield code="0">(DE-588)4125698-0</subfield>
   <subfield code="0">(DE-627)104470348</subfield>
   <subfield code="0">(DE-576)209578750</subfield>
   <subfield code="a">Kultur</subfield>
   <subfield code="2">gnd</subfield>
  </datafield>
  <datafield tag="689" ind1="0" ind2=" ">
   <subfield code="5">DE-101</subfield>
  </datafield>
  <datafield tag="751" ind1=" " ind2=" ">
   <subfield code="a">Nimwegen</subfield>
   <subfield code="0">(DE-588)4075410-8</subfield>
   <subfield code="0">(DE-627)106086375</subfield>
   <subfield code="0">(DE-576)209197668</subfield>
   <subfield code="4">uvp</subfield>
  </datafield>
  <datafield tag="787" ind1="0" ind2="8">
   <subfield code="i">Rezension</subfield>
   <subfield code="a">Mielsch, Harald, 1944 - </subfield>
   <subfield code="t">[Rezension von: Nathalie de Haan, Römische Privatbäder]</subfield>
   <subfield code="d">Mainz : von Zabern, 2013</subfield>
   <subfield code="w">(DE-627)1576853322</subfield>
   <subfield code="w">(DE-576)506853322</subfield>
  </datafield>
  <datafield tag="787" ind1="0" ind2="8">
   <subfield code="i">Rezensiert in</subfield>
   <subfield code="a">Blin, Séverine</subfield>
   <subfield code="t">[Rezension von: Nathalie De Haan, Römische Privatbäder. Entwicklung, Verbreitung, Struktur und sozialer Status]</subfield>
   <subfield code="d">2015</subfield>
   <subfield code="w">(DE-627)1820763099</subfield>
  </datafield>
  <datafield tag="935" ind1=" " ind2=" ">
   <subfield code="a">BGTS</subfield>
  </datafield>
  <datafield tag="935" ind1=" " ind2=" ">
   <subfield code="i">sf</subfield>
  </datafield>
  <datafield tag="936" ind1="r" ind2="v">
   <subfield code="a">ZH 8976</subfield>
   <subfield code="b">Bade-, Sanitärräume</subfield>
   <subfield code="k">Architektur</subfield>
   <subfield code="k">Innenarchitektur</subfield>
   <subfield code="k">Einrichtung einzelner Räume</subfield>
   <subfield code="k">Bade-, Sanitärräume</subfield>
   <subfield code="0">(DE-627)1270636316</subfield>
   <subfield code="0">(DE-625)rvk/156290:</subfield>
   <subfield code="0">(DE-576)200636316</subfield>
  </datafield>
  <datafield tag="936" ind1="r" ind2="v">
   <subfield code="a">LG 7500</subfield>
   <subfield code="b">Kleidung, Haartracht, Körperpflege, Badewesen, Medizin</subfield>
   <subfield code="k">Antike Kunst und Kultur</subfield>
   <subfield code="k">Kulturgeschichte, Realien und Natur</subfield>
   <subfield code="k">Kleidung, Haartracht, Körperpflege, Badewesen, Medizin</subfield>
   <subfield code="0">(DE-627)1271517604</subfield>
   <subfield code="0">(DE-625)rvk/92169:</subfield>
   <subfield code="0">(DE-576)201517604</subfield>
  </datafield>
  <datafield tag="951" ind1=" " ind2=" ">
   <subfield code="a">BO</subfield>
  </datafield>
  <datafield tag="990" ind1=" " ind2=" ">
   <subfield code="a">Römisches Reich</subfield>
  </datafield>
  <datafield tag="990" ind1=" " ind2=" ">
   <subfield code="a">Bad</subfield>
  </datafield>
  <datafield tag="990" ind1=" " ind2=" ">
   <subfield code="a">Wasserversorgung</subfield>
  </datafield>
  <datafield tag="990" ind1=" " ind2=" ">
   <subfield code="a">Kultur</subfield>
  </datafield>
  <datafield tag="991" ind1=" " ind2=" ">
   <subfield code="a">Rezensiertes Werk</subfield>
  </datafield>
  <datafield tag="999" ind1=" " ind2=" ">
   <subfield code="a">KXP-PPN1608179796</subfield>
   <subfield code="e">4206541469</subfield>
  </datafield>
 </record>
</collection>
